| 000 | 01870cam a22003134a 4500 | ||
|---|---|---|---|
| 001 | 15947312 | ||
| 005 | 20100811095702.0 | ||
| 008 | 091014s2010 stka b 001 0 eng | ||
| 020 | _a9780702031397 (pbk. : alk. paper) | ||
| 035 | _a(OCoLC)ocn458577450 | ||
| 040 |
_aDNLM/DLC _cDLC _dYDX _dNLM _dUKM _dYDXCP _dCDX _dDLC |
||
| 043 | _ae-uk--- | ||
| 082 | 0 | 0 |
_a613.0941 _222 _bSCR |
| 100 | 1 |
_aScriven, Angela. _928897 |
|
| 245 | 1 | 0 |
_aPromoting Health : _ba Practical Guide / _cAngela Scriven ; forewords by Linda Ewles, Ina Simnett, Richard Parish. |
| 250 | _a6th ed. | ||
| 260 |
_aEdinburgh ; _aNew York : _bBailliere Tindall/Elsevier, _c2010. |
||
| 300 |
_axiii, 251 p. : _bill. ; _c25 cm. |
||
| 504 | _aIncludes bibliographical references and index. | ||
| 505 | 0 | _aWhat is health? -- What is health promotion? -- Aims, values and ethical considerations -- Who promotes health? -- Planning and evaluating health promotion -- Identifying health promotion needs and priorities -- Evidence and research in health promotion -- Skills of personal effectiveness -- Working effectively with other people -- Fundamentals of communication -- Using communication tools in health promotion practice -- Educating for health -- Working with groups -- Enabling healthier living -- Working with communities -- Influencing and implementing policy. | |
| 650 | 0 |
_aHealth education _zGreat Britain. _928898 |
|
| 650 | 0 |
_aHealth promotion _zGreat Britain. _928899 |
|
| 650 | 1 | 2 |
_aHealth Promotion _xmethods _zGreat Britain. _928900 |
| 653 |
_bNUR _cFebruary2012 |
||
| 700 | 1 |
_aEwles, Linda. _tPromoting health. _928901 |
|
| 942 |
_2ddc _cBB |
||
| 999 |
_c16460 _d16460 |
||